| 000 | 00338nam a2200133Ia 4500 | ||
|---|---|---|---|
| 008 | 220613s9999||||xx |||||||||||||| ||und|| | ||
| 100 | _aJulie P Gentile | ||
| 245 | 0 | _aPsychiatry Of Intelectual Disability A Practical Manua | |
| 250 | _a1st(2012) | ||
| 260 | _bWiley Black wel | ||
| 300 | _a376 | ||
| 650 | _aPsychiatric | ||
| 942 | _cMEDI | ||
| 999 |
_c10247 _d10247 |
||